Ranchuelo aborigen /
Este artículo se basa en los resultados obtenidos del proyecto territorial de investigación "Introducción al estudio del período de las comunidades aborígenes en el municipio Ranchuelo", ejecutado entre 2005 y 2009 por especialistas del Centro de Estudios y Servicios Ambientales del CITMA...
में बचाया:
| मुख्य लेखक: | |
|---|---|
| स्वरूप: | अज्ञात |
| भाषा: | Spanish |
| विषय: | |
| टैग: |
टैग जोड़ें
कोई टैग नहीं, इस रिकॉर्ड को टैग करने वाले पहले व्यक्ति बनें!
|
MARC
| LEADER | 00000 a2200000 4500 | ||
|---|---|---|---|
| 008 | 160209s2013 cu ||||| |||| 00| b spa d | ||
| 022 | |a 0047-1542 | ||
| 040 | |a CIICLA - UCR | ||
| 041 | |a spa | ||
| 100 | 1 | |a Morales Santos, Lorenzo | |
| 245 | 1 | |a Ranchuelo aborigen / |c Lorenzo Morales Santos | |
| 300 | |a 5-25 páginas | ||
| 500 | |a Introducción al estudio del período de las comunidades aborígenes en el municipio Ranchuelo (inédito). Informe de proyecto territorial, CESAM, Villa Clara. | ||
| 520 | |a Este artículo se basa en los resultados obtenidos del proyecto territorial de investigación "Introducción al estudio del período de las comunidades aborígenes en el municipio Ranchuelo", ejecutado entre 2005 y 2009 por especialistas del Centro de Estudios y Servicios Ambientales del CITMA en Villa Clara. El próposito del proyecto es contribuir a la sistemática arqueológica en la región central de Cuba a partir de la ejecución de un plan de prospección para reunir la información sobre las Comunidades Aborígenes, municipio meridional de Villa Clara. | ||
| 650 | 1 | 4 | |a ARQUELOGIA |z VILLA CLARA (CUBA) |
| 773 | 0 | |w CSIC000119004 |x 0047-1542 |d Santa Clara (Cuba), : Universidad Central "Marta Abreu" de Las Villas, 1958-. |t Islas |g Volumen 55, número 173, 5-24 páginas, 2013 |q 5-24 páginas, | |
| 942 | |2 ddc |c ARC | ||
| 999 | |c 4572 |d 4572 | ||
